La casa bajo el teclado /
Timón salió de la casa una mañana, con el sol ya alto. Llevaba puesta la nariz. Esta vez se proponía llevar a la antigua ciudad de Barabati. Un viaje de tres años, calculaba, fatigoso y lleno de peligros. En la casa quedaron los otros Mocos ocupados en los asuntos domésticos. Un mediodía descubriero...
Guardado en:
| Autor Principal: | |
|---|---|
| Otros Autores: | |
| Formato: | Libro |
| Publicado: |
Buenos Aires :
Norma,
2013
|
| Materias: | |
| Etiquetas: |
Agregar Etiqueta
Sin Etiquetas, Sea el primero en etiquetar este registro!
|
| LEADER | 01307nam a22002415a 4500 | ||
|---|---|---|---|
| 001 | CEM.cems015438 | ||
| 008 | 130507s2013##################000#0#####d | ||
| 005 | 20240216152743.0 | ||
| 245 | 1 | 0 | |a La casa bajo el teclado / |c Ema Wolf ; ilustrado por Matías Trillo. |
| 260 | |a Buenos Aires : |b Norma, |c 2013 | ||
| 300 | |a 128 p. | ||
| 520 | |a Timón salió de la casa una mañana, con el sol ya alto. Llevaba puesta la nariz. Esta vez se proponía llevar a la antigua ciudad de Barabati. Un viaje de tres años, calculaba, fatigoso y lleno de peligros. En la casa quedaron los otros Mocos ocupados en los asuntos domésticos. Un mediodía descubrieron que la única ventana del cuarto de Quintín había desaparecido. Completa, con las cortinas, los vidrios, el marco, las persianas y el agujero. ¿Llegará Timón, el Moco viajero, a la remota Barabati? ¿Recuperarán los otros la ventana perdida? | ||
| 020 | |a 9789875456235 | ||
| 100 | 1 | |a Wolf, Ema | |
| 700 | 1 | |a Trillo, Matías; il. | |
| 082 | 0 | 4 | |a A863.4 |
| 653 | |a Literatura | ||
| 653 | |a Literatura argentina | ||
| 653 | |a Literatura infantil | ||
| 653 | |a Novela | ||
| 653 | |a Novelas infantiles | ||
| 859 | |a CEMS |b BIB. CEMS - Inicial y Primaria |h A863.4 |i W831-4 |k IP |p 4006 |t Ej. 1 | ||
| 859 | |a CEMS |b BIB. CEMS - Ccias. Educacion |h A863.4 |i W831-2 |k CE |p 28925.19 |t Ej.1 | ||
